000 01326nam0a22003011 4500
001 rc\2733210
005 20230525162318.0
035 _a(NLR Aleph) 006860557
090 _a6842992
_c6842992
100 _a20110915d1937 |||y0rusy50 ca
101 0 _arus
102 _aRU
105 _aa z |||||
200 1 _aТрение железнодорожных тормозных колодок
_eПо опытам Эксперимент. ин-та при Иллинойск. ун-те (США)
_fЭ. К. Шмидт, Г. Дж. Шрадер
_gПер. с англ. В. Ф. Егорченко
_g[Предисл.: проф. В. Образцов, проф. А. Бобичков]
210 _aМосква
_cизд. и 1 тип. Трансжелдориздата
_d1937
215 _aОбл., 108 с.
_cил.
_d22х14 см.
225 1 _aНаучно-исследовательский институт железнодорожного транспорта
_vВып. 33
700 1 _aШмидт
_bЭ. К.
_gЭдуард К.
701 1 _aШрадер
_bГ. Дж.
702 1 _aОбразцов
_bВ.
_4080
702 1 _aЕгорченко
_bВ. Ф.
_4730
702 1 _aБобичков
_bА.
_4080
801 0 _aRU
_bNLR
_gpsbo
801 1 _aRU
_bELAR
_2rusmarc
852 _aNLR
_j36-18/225-33
942 _cBOOK
980 _aNB